Microsoft visual foxpro 3 para windows paso a paso /

Guardado en:
Formato: Libro
Publicado: Madrid : Mcgraw-hill, 1995
Materias:
Etiquetas: Agregar Etiqueta
Sin Etiquetas, Sea el primero en etiquetar este registro!
LEADER 00688nam a22001935a 4500
001 CEM.cems013303
005 20100318115814.0
008 130507s1995##################000#0#####d
003 CEMS
020 |a 8448107187 
082 0 4 |a 001.6425 
245 0 0 |a Microsoft visual foxpro 3 para windows paso a paso /  |c Traducción de Rosa María Ayala Palenzuela 
260 |a Madrid :  |b Mcgraw-hill,  |c 1995 
300 |a 288 p. 
505 0 |a Presentación de Visual FoxPro -- Resolución del problema de Visual FoxPro -- Utilización de la aplicación LitWare 
653 |a Informática 
653 |a Computación 
653 |a Visual foxpro 3 
859 |a CEMS  |b BIB. CEMS - 11 de abril  |h 001.6425  |i T226  |p 25790.10  |t Ej.1